The idea machine : how books built our world and ... Read More
Available copies
- 1 of 1 copy available at LARL/NWRL Consortium.
- 1 of 1 copy available at Lake Agassiz Regional Library. (Show preferred library)
Current holds
0 current holds with 1 total copy.
Show Only Available Copies
| Location | Call Number / Copy Notes | Barcode | Shelving Location | Status | Due Date |
|---|---|---|---|---|---|
| Fosston Public Library | 002.09 MIL (Text) | 33500014365084 | New | Available | - |
Record details
- ISBN: 9781493088935
- ISBN: 1493088939
- Physical Description: vi, 335 pages : illustrations ; 24 cm
- Publisher: Essex, Connecticut : Prometheus Books, [2025]
- Copyright: ©2025
Content descriptions
| Bibliography, etc. Note: | Includes bibliographical references (page 297-324) ... Read More |
| Formatted Contents Note: | Introduction: Marginalia: Ideas across time -- ... Read More |
| Summary, etc.: | "Books preserve ideas, yes, but they also provoke ... Read More |
Search for related items by subject
| Subject: | Books > History. Books and reading > History. Book industries and trade > History. Printing > History. HISTORY / Civilization. TECHNOLOGY & ENGINEERING / History. |
| LDR | 04078cam a2200613 i 4500 | ||
|---|---|---|---|
| 001 | 482999 | ||
| 003 | LARL_NWRL_CONSORTIUM | ||
| 005 | 20260420193723.0 | ||
| 008 | 250815t20252025ctua e b 001 0 eng | ||
| 010 | . | ‡a 2025012633 | |
| 040 | . | ‡aDLC ‡beng ‡erda ‡cDLC ‡dIG# ‡dOCLCO ‡dYQV ‡dMOS ‡dJAS ‡dMIPRT ‡dYDX ‡dGZM ‡dP$H | |
| 020 | . | ‡a9781493088935 ‡qhardcover | |
| 020 | . | ‡a1493088939 ‡qhardcover | |
| 020 | . | ‡z9781493088942 ‡qelectronic publication | |
| 035 | . | ‡a(OCoLC)1484603736 | |
| 042 | . | ‡apcc | |
| 082 | 0 | 4. | ‡a002.09 ‡223/eng/20251217 |
| 082 | . | ‡a909 | |
| 084 | . | ‡aHIS039000 ‡2bisacsh | |
| 084 | . | ‡aTEC056000 ‡2bisacsh | |
| 100 | 1 | . | ‡aMiller, Joel, ‡d1975- ‡eauthor. ‡4aut ‡4http://id.loc.gov/vocabulary/relators/aut ‡1https://id.oclc.org/worldcat/entity/E39PCjyh779yKCY6PPg8gh89jC ‡1http://id.loc.gov/rwo/agents/n2004093487 |
| 245 | 1 | 4. | ‡aThe idea machine : ‡bhow books built our world and shape our future / ‡cJoel J. Miller. |
| 264 | 1. | ‡aEssex, Connecticut : ‡bPrometheus Books, ‡c[2025] | |
| 264 | 4. | ‡c©2025 | |
| 300 | . | ‡avi, 335 pages : ‡billustrations ; ‡c24 cm | |
| 334 | . | ‡asingle unit ‡bmono ‡0http://id.loc.gov/vocabulary/issuance/mono | |
| 336 | . | ‡atext ‡btxt ‡2rdacontent ‡0http://id.loc.gov/vocabulary/contentTypes/txt | |
| 337 | . | ‡aunmediated ‡bn ‡2rdamedia ‡0http://id.loc.gov/vocabulary/mediaTypes/n | |
| 338 | . | ‡avolume ‡bnc ‡2rdacarrier ‡0http://id.loc.gov/vocabulary/carriers/nc | |
| 353 | . | ‡abibliography ‡bbibliography ‡0http://id.loc.gov/vocabulary/msupplcont/bibliography | |
| 353 | . | ‡aindex ‡bindex ‡0http://id.loc.gov/vocabulary/msupplcont/index | |
| 504 | . | ‡aIncludes bibliographical references (page 297-324) and index. | |
| 505 | 0 | . | ‡aIntroduction: Marginalia: Ideas across time -- Basics. Socrates, technophobe? -- Marginalia: The genesis of writing -- Upgrading the mind -- Marginalia: Notes to self -- Tools for thinking -- Marginalia: Cicero's analog AI -- Clarity at scale, almost -- Marginalia: By the book -- No books for you -- Marginalia: Augustine's tome -- Developments. Turning a new page -- Marginalia: Reimagining the book -- What the monks did -- Marginalia: Upping the data game -- God's mom and books for all -- Marginalia: One tongue to another -- Hit refresh -- Marginalia: Paper pushers -- Too many books? -- Marginalia: Readers unleashed -- Applications. Reading the book of nature -- Marginalia: The third variable -- Founded on books -- Marginalia: Uncommon impact -- Literature for liberation -- Marginalia: Malcolm X's alma mater -- Seeing with other eyes -- Marginalia: The futility of banning books -- Browsing the universal library -- Marginalia: Back to the beginning -- Reflections. Engines of change. |
| 520 | . | ‡a"Books preserve ideas, yes, but they also provoke new ones--they are true tools for thinking. In this book, Joel J. Miller shows that books are one of the most important but overlooked factors in the making of our contemporary world"--Provided by publisher. | |
| 650 | 0. | ‡aBooks ‡xHistory. ‡0(LARL_NWRL_CONSORTIUM)15260 | |
| 650 | 0. | ‡aBooks and reading ‡xHistory. ‡0(LARL_NWRL_CONSORTIUM)163742 | |
| 650 | 0. | ‡aBook industries and trade ‡xHistory. ‡0(LARL_NWRL_CONSORTIUM)171049 | |
| 650 | 0. | ‡aPrinting ‡xHistory. ‡0(LARL_NWRL_CONSORTIUM)28821 | |
| 650 | 7. | ‡aHISTORY / Civilization. ‡2bisacsh | |
| 650 | 7. | ‡aTECHNOLOGY & ENGINEERING / History. ‡2bisacsh | |
| 758 | . | ‡1http://id.loc.gov/resources/instances/in00024302658 | |
| 758 | . | ‡4http://id.loc.gov/ontologies/bibframe/instanceOf ‡1http://id.loc.gov/resources/works/in00024302658 | |
| 776 | 0 | 8. | ‡iOnline version ‡4http://id.loc.gov/entities/relationships/onlineversion ‡aMiller, Joel J. ‡tIdea machine ‡dEssex, Connecticut : Prometheus, 2025 ‡z9781493088942 ‡w(DLC) 2025012634 |
| 884 | . | ‡aDLC bibframe2marc v3.0-dev ‡g20250815 ‡qDLC ‡uhttps://github.com/lcnetdev/bibframe2marc/tree/v3.0-dev | |
| 905 | . | ‡uvanderl | |
| 901 | . | ‡a482999 ‡bAUTOGEN ‡c482999 ‡tbiblio ‡soclc | |

Add to basket
Permalink
Disable Highlighting